[Event "CZE-ch Juniors op-B"]
[Site "Sec u Chrudimi"]
[Date "2007.03.14"]
[Round "6"]
[White "Vyhnalek, Petr"]
[Black "Cupr, Jiri"]
[Result "1-0"]
[WhiteElo "1621"]
[BlackElo "1528"]
[PlyCount "99"]
[EventDate "2007.03.10"]
[EventType "swiss"]
[EventRounds "9"]
[EventCountry "CZE"]
[SourceTitle "EXT 2008"]
[Source "ChessBase"]
[SourceDate "2007.11.25"]
[SourceVersion "1"]
[SourceVersionDate "2007.11.25"]
[SourceQuality "1"]

1. e4 e5 2. Nf3 Nc6 3. Bc4 Nf6 4. Ng5 d5 5. exd5 Na5 6. Bb5+ Bd7 7. Qe2 Bd6 8. d4 Qe7 9. Bxd7+ Nxd7 10. dxe5 Bxe5 11. f4 Bf6 12. Qxe7+ Kxe7 13. Ne4 Bd4 14. c3 Bb6 15. b4 Nc4 16. Na3 Ne3 17. Bxe3 Bxe3 18. g3 a6 19. c4 Rhe8 20. Kd1 f5 21. Ng5 Bd4 22. Rb1 Nf6 23. Ne6 Ne4 24. Nxd4 Nf2+ 25. Kd2 Nxh1 26. Rxh1 Kf6 27. Ne6 Re7 28. Re1 h6 29. Nc2 Kf7 30. Ncd4 g6 31. Kd3 Rae8 32. h4 c6 33. dxc6 bxc6 34. Re5 Rc8 35. Nc5 Rxe5 36. fxe5 Rd8 37. Nxa6 g5 38. hxg5 hxg5 39. Ke3 f4+ 40. gxf4 gxf4+ 41. Ke4 Ra8 42. b5 cxb5 43. cxb5 Rc8 44. Kxf4 Rc4 45. Ke4 Ra4 46. Nc5 Rxa2 47. b6 Rb2 48. b7 Ke8 49. Kd5 Kd8 50. b8Q+ 1-0

[Event "CZE-ch Juniors op-B"]
[Site "Sec u Chrudimi"]
[Date "2007.03.12"]
[Round "4"]
[White "Vyhnalek, Petr"]
[Black "Klement, Lukas"]
[Result "0-1"]
[WhiteElo "1621"]
[BlackElo "1819"]
[PlyCount "78"]
[EventDate "2007.03.10"]
[EventType "swiss"]
[EventRounds "9"]
[EventCountry "CZE"]
[SourceTitle "EXT 2008"]
[Source "ChessBase"]
[SourceDate "2007.11.25"]
[SourceVersion "1"]
[SourceVersionDate "2007.11.25"]
[SourceQuality "1"]

1. e4 e6 2. d4 d5 3. exd5 Qxd5 4. Nc3 Qa5 5. Nf3 Nf6 6. Bd2 c6 7. Ne4 Qc7 8. Nxf6+ gxf6 9. Bd3 Nd7 10. 0-0 Bd6 11. Re1 Nf8 12. c4 Bd7 13. d5 e5 14. b4 c5 15. bxc5 Bxc5 16. Bh6 Qd6 17. Rb1 b6 18. Nh4 Ng6 19. Nf5 Bxf5 20. Bxf5 Ne7 21. Qa4+ Kd8 22. Bh3 Rg8 23. Be3 Bxe3 24. Rxe3 f5 25. Reb3 Rg6 26. Rd1 a5 27. Rb5 Rc8 28. Qb3 Rc5 29. Rb1 Qc7 30. Rc1 Rd6 31. Rxc5 Qxc5 32. Qb2 f6 33. g3 Kc7 34. Bf1 Ng6 35. Rb1 e4 36. Qe2 Ne5 37. Rb5 Qd4 38. Qc2 Nf3+ 39. Kg2 Ne1+ 0-1